Building chaos : an international comparison of deregulation in the construction industry (Record no. 102516)

MARC details
000 -LEADER
fixed length control field 01237cam a2200301 4500
008 - FIXED-LENGTH DATA ELEMENTS--GENERAL INFORMATION
fixed length control field 021111n2002 000 0 eng u
020 ## - INTERNATIONAL STANDARD BOOK NUMBER
International Standard Book Number 0415260906
035 ## - SYSTEM CONTROL NUMBER
System control number (Sirsi) u120403
050 ## - LIBRARY OF CONGRESS CALL NUMBER
Classification number 338.47624
-- 21
245 ## - TITLE STATEMENT
Title Building chaos : an international comparison of deregulation in the construction industry
260 ## - PUBLICATION, DISTRIBUTION, ETC.
Place of publication, distribution, etc. London
Name of publisher, distributor, etc. Routledge
Date of publication, distribution, etc. 2002
300 ## - PHYSICAL DESCRIPTION
Extent xv,240p.
Dimensions 24cm.
350 ## - PRICE (NR) (BK AM CF MU VM SE) [OBSOLETE]
Price 60
490 ## - SERIES STATEMENT
Series statement Routledge Studies in Business Organisations and Networks
520 ## - SUMMARY, ETC.
Summary, etc. Contrasts the highly regulated construction industries of Denmark, Germany and the Netherlands with the deregulated industries of the Republic of Korea, the United Kingdom and the United States in an attempt to establish how construction projects can be completed safely, on time and on budget. The construction industries of Australia, Quebec and Spain, which fall between the two extreme, are also discussed.
650 ## - SUBJECT ADDED ENTRY--TOPICAL TERM
Topical term or geographic name entry element AUSTRALIA
650 ## - SUBJECT ADDED ENTRY--TOPICAL TERM
Topical term or geographic name entry element DENMARK
650 ## - SUBJECT ADDED ENTRY--TOPICAL TERM
Topical term or geographic name entry element GERMANY
650 ## - SUBJECT ADDED ENTRY--TOPICAL TERM
Topical term or geographic name entry element NETHERLANDS
650 ## - SUBJECT ADDED ENTRY--TOPICAL TERM
Topical term or geographic name entry element QUEBEC
650 ## - SUBJECT ADDED ENTRY--TOPICAL TERM
Topical term or geographic name entry element REPUBLIC OF KOREA
650 ## - SUBJECT ADDED ENTRY--TOPICAL TERM
Topical term or geographic name entry element SPAIN
650 ## - SUBJECT ADDED ENTRY--TOPICAL TERM
Topical term or geographic name entry element UNITED STATES
690 ## - LOCAL SUBJECT ADDED ENTRY--TOPICAL TERM (OCLC, RLIN)
Topical term or geographic name as entry element BUILT ENVIRONMENT
700 ## - ADDED ENTRY--PERSONAL NAME
Personal name Bosch, Gerhard
International Standard Serial Number Editor
700 ## - ADDED ENTRY--PERSONAL NAME
Personal name Philips, Peter
International Standard Serial Number Editor
942 ## - ADDED ENTRY ELEMENTS (KOHA)
Suppress in OPAC 0
Holdings
Withdrawn status Lost status Source of classification or shelving scheme Damaged status Not for loan Home library Current library Shelving location Date acquired Cost, normal purchase price Total Checkouts Full call number Barcode Date last seen Date last checked out Copy number Cost, replacement price Price effective from Koha item type
    Dewey Decimal Classification     London London Books 30/01/2003 51.00 9 338.47624 BOS 30068174 06/08/2019 04/10/2007 1 51.00 06/08/2019 Book